000 00643nam a2200241Ia 4500
003 OSt
005 20220918174745.0
006 a|||||r|||| 00| 0
007 ta
008 220917b |||||||| |||| 00| 0 eng d
024 _a13,954
037 _cTextual
040 _aARTS
_cARTS
_beng
041 _2eng
_aeng
082 _aN0bS:43, L8
100 _aBronowski J.
_951648
245 0 _aVisionary eye
_b Essays in the arts literature and sciece
260 _aCambridge
_bThe MIT Press
_c1978
300 _ax, 185p.
_ccm.
650 _aARTS
942 _hN0bS:43, L8
_cTEXL
_2CC
999 _c154557
_d154557